000 00446nam a2200193Ia 4500
005 20240823023537.0
008 240823s9999||||xx |||||||||||||| ||und||
020 _a978-81-239-1628-6
041 _aENGLISH
082 _A551 P8
100 _a"Gokhale,N.W"
245 0 _aManual of Geological Maps
250 _aIst
260 _c2008
_b"C.B.S.,New "
500 _aYES
650 _aGeological Maps
_bCivil
942 _cBK
999 _c181791
_d181791